[Event "GER-ch U25-B"]
[Site "Willingen"]
[Date "2019.06.09"]
[Round "2"]
[White "Knerr, Sebastian"]
[Black "Bartelt, Max Peter"]
[Result "1/2-1/2"]
[WhiteElo "1685"]
[BlackElo "1789"]
[PlyCount "95"]
[EventDate "2019.06.08"]
[EventType "swiss"]
[EventRounds "9"]
[EventCountry "GER"]
[SourceTitle "CBM 191 Extra"]
[Source "ChessBase"]
[SourceDate "2019.09.30"]
[SourceVersion "1"]
[SourceVersionDate "2019.09.30"]
[SourceQuality "1"]

1. e4 e6 2. d4 d5 3. exd5 exd5 4. Bd3 Bd6 5. Ne2 Nc6 6. c3 Nge7 7. Bf4 Bg4 8. Bxd6 Qxd6 9. Qc2 0-0-0 10. Nd2 Rde8 11. 0-0 g5 12. b4 Ng6 13. Nb3 Nh4 14. b5 Ne7 15. c4 Nef5 16. c5 Qe6 17. Ng3 Qf6 18. b6 axb6 19. cxb6 c6 20. h3 Nf3+ 21. gxf3 Nh4 22. Rfc1 Nxf3+ 23. Kh1 Nh4 24. f4 Qxf4 25. hxg4 Qf3+ 26. Kh2 Re3 27. Bf5+ Kd8 28. Rg1 Rhe8 29. Bd3 Rxd3 30. Raf1 Rc3 31. Qd2 Rce3 32. Kh3 Qe4 33. Nc5 Qg6 34. Nxb7+ Kd7 35. Nc5+ Kd6 36. Qb4 f5 37. b7 fxg4+ 38. Kh2 Nf3+ 39. Kg2 Qc2+ 40. Rf2 Nh4+ 41. Kh1 Qxf2 42. Nce4+ Kc7 43. Nxf2 Nf3 44. Rb1 Re1+ 45. Rxe1 Rxe1+ 46. Qxe1 Nxe1 47. Nxg4 Nc2 48. Nf5 1/2-1/2

[Event "GER-ch U25-B"]
[Site "Willingen"]
[Date "2018.05.20"]
[Round "2"]
[White "Knerr, Sebastian"]
[Black "Reyher, Susan"]
[Result "1/2-1/2"]
[WhiteElo "1742"]
[BlackElo "1614"]
[PlyCount "52"]
[EventDate "2018.05.19"]
[EventType "swiss"]
[EventRounds "9"]
[EventCountry "GER"]
[SourceTitle "CBM 184 Extra"]
[Source "ChessBase"]
[SourceDate "2018.06.28"]
[SourceVersion "1"]
[SourceVersionDate "2018.06.28"]
[SourceQuality "1"]

1. e4 e5 2. Nf3 Nc6 3. Bc4 Bc5 4. c3 d6 5. d3 Nf6 6. Be3 Bb6 7. Nbd2 Ne7 8. h3 Ng6 9. Qb3 0-0 10. Ng5 Qe7 11. h4 h6 12. h5 Nf4 13. Bxf4 exf4 14. Nh3 Nxh5 15. 0-0-0 Bg4 16. f3 Bd7 17. d4 c5 18. d5 Rab8 19. Bd3 Bc7 20. Bb1 b5 21. Rde1 b4 22. c4 Qe5 23. Nf2 Ng3 24. Nd3 Qg5 25. Rhg1 f6 26. Nf1 Rb6 1/2-1/2

[Event "GER-ch U25-B"]
[Site "Willingen"]
[Date "2016.05.17"]
[Round "5"]
[White "Knerr, Sebastian"]
[Black "Oberhofer, Marie"]
[Result "0-1"]
[WhiteElo "1418"]
[BlackElo "1590"]
[PlyCount "124"]
[EventDate "2016.05.15"]
[EventType "swiss"]
[EventRounds "9"]
[EventCountry "GER"]
[SourceTitle "CBM 172 Extra"]
[Source "ChessBase"]
[SourceDate "2016.06.21"]
[SourceVersion "1"]
[SourceVersionDate "2016.06.21"]
[SourceQuality "1"]

1. e4 c5 2. c3 d5 3. exd5 Qxd5 4. d4 Nf6 5. dxc5 Qxd1+ 6. Kxd1 e5 7. Be3 Nd5 8. b4 a5 9. Bd2 Be7 10. Bb5+ Nc6 11. Nf3 f6 12. a4 Be6 13. bxa5 Nc7 14. Na3 Bxc5 15. Ke2 Bxa3 16. Rxa3 Nxb5 17. axb5 Bc4+ 18. Ke3 Bxb5 19. Rb1 Ba6 20. Ne1 Rd8 21. c4 Rd7 22. Rc1 Rd4 23. Rb3 0-0 24. Nf3 Rd7 25. Ke2 Rfd8 26. Rb2 Nd4+ 27. Nxd4 Rxd4 28. Ke1 R8d7 29. c5 Re4+ 30. Be3 f5 31. Rd1 Rxd1+ 32. Kxd1 Ra4 33. Rc2 Rxa5 34. c6 Rd5+ 35. Rd2 Rxd2+ 36. Kxd2 bxc6 37. Kc3 Kf7 38. Kb4 Ke6 39. g3 Kd5 40. Kc3 Ke4 41. Kd2 f4 42. Bb6 Kd5 43. Bc7 fxg3 44. hxg3 e4 45. Bf4 c5 46. Kc3 Bd3 47. Be3 c4 48. Bd4 g6 49. Be3 Ke5 50. Bf4+ Kf5 51. Kd4 g5 52. Bd2 h5 53. Ke3 Kg4 54. f3+ exf3 55. Kf2 h4 56. gxh4 gxh4 57. Kg1 Be2 58. Bb4 Kf5 59. Be1 h3 60. Kh2 c3 61. Kxh3 c2 62. Bd2 f2 0-1